| 000 | 00889nam a2200265 a 4500 | ||
|---|---|---|---|
| 008 | 951121s1986||||[C 0 slo c | ||
| 020 |
_c30 Kčs. _q(28000 výtl.) |
||
| 040 |
_aSNK _bslo _cSNK _eAACR2 |
||
| 041 | 1 |
_aslo _hger |
|
| 044 |
_axo _cSK |
||
| 080 | _a830-3 | ||
| 100 | 1 |
_aMann, Thomas _4aut |
|
| 245 | 1 | 0 |
_aKráľovská výsosť _cThomas Mann ; Magda Takáčová, Ivan Cvrkal, Pavol Blažo, Ján Zelenák, Ľubica Štuková |
| 250 | _a1., vyd. | ||
| 260 |
_aBratislava _bSmena _c1986 _eBratislava _fPravda |
||
| 300 |
_a295 s., 20,14 AH _c20 cm |
||
| 490 | 0 |
_aMáj _vZv. 18. |
|
| 500 | _aIlustr. na front. Spoluvyd. Lidové nakladatelství, Mladá fronta a Naše vojsko, Praha. | ||
| 700 | 1 |
_aTakáčová, Magda _4trl |
|
| 700 | 1 |
_aCvrkal, Ivan _4[ADC] |
|
| 700 | 1 |
_aBlažo, Pavol _4bkd |
|
| 700 | 1 |
_aZelenák, Ján _4bkd |
|
| 700 | 1 |
_aŠtuková, Ľubica _4bkd |
|
| 958 | _aA | ||
| 999 |
_c12232 _d12232 |
||